00447nam a2200145Ia 4500008004100000020001800041082001400059100002700073245003200100260001000132500000900142942000700151952012800158999001500286260604s9999 xx 000 0 und d a9781484778579 a813.6 BOL aDisney Hyperion935321 0aThe Girl Who Knew Even More bSHREE aGirl cBK 00104070aIIMVbIIMVcGENERALd2026-06-04g599.00l0o813.6 BOLp003718r2026-06-04 10:18:57v599.00w2026-06-04yBKBBOL c8100d8100